Album By Cover #2 - Statistics

General Stats
  • This quiz has been taken 34 times
  • The average score is 4 of 20
Answer Stats
Picture Hint Answer % Correct
Tyler The Creator Igor
73%
The Beach Boys Pet Sounds
53%
Daft Punk Discovery
33%
Eminem Marshall Mathers LP
33%
Blur Leisure
20%
Gorillaz The Now Now
20%
Evanescence Fallen
17%
The Proclaimers Sunshine On Leith
17%
Madness 7
10%
Mitski Bury Me At Makeout Creek
10%
The Monkees Good Times
10%
Iron Maiden Piece Of Mind
10%
Sematary Rainbow Bridge
10%
Marshmello Shockwave
10%
Florence + The Machine Between Two Lungs
7%
Lovejoy Pebble Brain
7%
Justice Cross
3%
Smash Mouth Fush Yu Mang
3%
Gummibär I Am Your Gummy Bear
3%
Basshunter LOL <(^^,)>
3%
No matching quizzes found
Score Distribution
Percent of People with Each Score
Percentile by Number Answered
Your Score History
You have not taken this quiz